书目信息 |
| 题名: |
塑料助剂性能与选用速查手册
|
|
| 作者: | 欧育湘 , 李建军 , 韩廷解 主编 | |
| 分册: | ||
| 出版信息: | 北京 国防工业出版社 2012.01 |
|
| 页数: | 834页 | |
| 开本: | 26cm | |
| 丛书名: | ||
| 单 册: | ||
| 中图分类: | TQ320.4-62 | |
| 科图分类: | ||
| 主题词: | 塑料助剂--手册 , 塑料助剂 | |
| 电子资源: | ||
| ISBN: | 978-7-118-07341-6 | |
| 000 | 00943nam0 2200265 450 | |
| 001 | 010030026047 | |
| 005 | 20140609085054.75 | |
| 010 | @a978-7-118-07341-6@dCNY128.00 | |
| 100 | @a20120207d2012 em y0chiy50 ea | |
| 101 | 0 | @achi |
| 102 | @aCN@b110000 | |
| 105 | @aak z 000yy | |
| 106 | @ar | |
| 200 | 1 | @a塑料助剂性能与选用速查手册@9su liao zhu ji xing neng yu xuan yong su cha shou ce@f欧育湘,李建军,韩廷解主编 |
| 210 | @a北京@c国防工业出版社@d2012.01 | |
| 215 | @a834页@c图@d26cm | |
| 330 | @a本手册汇编了17类1884种塑料助剂较详尽的性能数据和应用范围,助剂的中英文学名、中文俗名及别名、商品名及CAS登录号,还收录了38种常用树脂和塑料的主要性能数据。 | |
| 606 | 0 | @a塑料助剂@j手册 |
| 606 | 0 | @a塑料助剂 |
| 690 | @aTQ320.4-62@v4 | |
| 701 | 0 | @a欧育湘@9ou yu xiang@4主编 |
| 701 | 0 | @a李建军@9li jian jun@4主编 |
| 701 | 0 | @a韩廷解@9han ting jie@4主编 |
| 801 | 0 | @aCN@bRENTIAN@c20120207 |
| 905 | @b548443-44@dTQ320.4-62@e51@f2 | |
| 塑料助剂性能与选用速查手册/欧育湘,李建军,韩廷解主编.-北京:国防工业出版社,2012.01 |
| 834页:图;26cm |
| ISBN 978-7-118-07341-6:CNY128.00 |
| 本手册汇编了17类1884种塑料助剂较详尽的性能数据和应用范围,助剂的中英文学名、中文俗名及别名、商品名及CAS登录号,还收录了38种常用树脂和塑料的主要性能数据。 |
| ● |
| 相关链接 |
|
|
|
|
正题名:塑料助剂性能与选用速查手册
索取号:TQ320.4-62/51
 
预约/预借
| 序号 | 登录号 | 条形码 | 馆藏地/架位号 | 状态 | 备注 |
| 1 | 548443 | 205484439 | 第二样本阅览室/ [索取号:TQ320.4-62/51] | 在馆 | |
| 2 | 548444 | 205484448 | 第三借阅区/ [索取号:TQ320.4-62/51] | 在馆 |